000 00494cam a22001457a 4500
008 180718b1997 xxu||||| |||| 00| 0 eng d
020 _a8125012893
082 _aT31 B223
100 _aBanerjee-Guha, Swapna
245 _aSpatial dynamics of international capital: a study of multinational corporations in India
_cby Swapna Banerjee-Guha
260 _aHyderabad
_bOrient Longman
_c1997
300 _a285p.
650 _aInternational business enterprises
650 _aMultinational corporations
999 _c382674
_d382674